|
|
|
|
| LEADER |
00000 a2200000 4500 |
| 001 |
RU/ROS-EDU.RU/83538 |
| 856 |
4 |
|
|u https://www.ros-edu.ru/book?id=83538
|z Перейти к просмотру издания
|
| 010 |
|
|
|a 978-5-521-05328-5
|
| 100 |
|
|
|a 20170101d2017 |||y0rusy0250
|
| 105 |
|
|
|a y z 000zy
|
| 101 |
0 |
|
|a rus
|
| 102 |
|
|
|a RU
|
| 200 |
1 |
|
|a La Dame aux Camélias
|b Электронный ресурс
|f Dumas A. fils
|
| 700 |
|
1 |
|b A.
|a fils
|
| 330 |
|
|
|a Александр Дюма (сын) – это всемирно известный французский писатель и драматург XIX века, произведения которого отличаются красотой слога, живостью повествования и необычными сюжетами. «Дама с камелиями» – это не просто одно из самых известных произведений А. Дюма, но и автобиографический роман. Драма, случившаяся между Александром и известной куртизанкой того времени Мари Дюплесси, повлияла на творчество впечатлительного молодого человека. Читайте зарубежную литературу в оригинале!
|
| 210 |
|
|
|a Москва
|c T8RUGRAM
|d 2017
|
| 610 |
1 |
|
|a художественная литература
|
| 610 |
1 |
|
|a французский язык
|
| 610 |
1 |
|
|a зарубежная проза
|
| 610 |
1 |
|
|a классика
|
| 610 |
1 |
|
|a роман
|
| 675 |
|
|
|a 82
|
| 686 |
|
|
|a 84
|2 rubbk
|
| 300 |
|
|
|a Книга находится в премиум-версии платформы «Русский как иностранный».
|
| 215 |
|
|
|a 236 с.
|